« Retourner aux résultats de recherche
Addictions anonymes
| Auteur principal: | Susie Morgenstern |
|---|---|
| D'autres auteurs: | Denis Baronnet |
| Support: | Livres |
| Langue: | Francais |
| Publié: |
DL 2025 L'Ecole des Loisirs Paris |
| Genre: |
Roman Jeunesse |
| Collection: |
Médium |
| Sujets: | |
| Étiquettes: |
Ajouter
Pas de Tags !
|
| LEADER | 00643nam0a2200205 450 | ||
|---|---|---|---|
| 001 | 16847318 | ||
| 010 | |a 978-2-211-34618-4 |b br. |d 13,9 | ||
| 100 | |a 20250908d2026 u u0frey01 ba | ||
| 101 | 0 | |a fre | |
| 102 | |a FR | ||
| 200 | 0 | |a Addictions anonymes | |
| 207 | 1 | |a | |
| 210 | |a Paris |b 11 rue de Sèvres. |c L'Ecole des Loisirs |d DL 2025 | ||
| 215 | |a 1 vol. (171 p.) |d 22 cm | ||
| 225 | 1 | |a Médium | |
| 700 | 0 | |a Morgenstern |b Susie |f 1945-.... |4 70 | |
| 701 | 0 | |a Baronnet |b Denis |f 1966-.... |4 70 | |
| 900 | |a Roman Jeunesse | ||
| 901 | |a Accessible au prêt | ||
| 995 | |a Bibliothèque |c Bibliothèque |f 024025981 |h 024025981 |k J MOR |o p |q j |r az |e Bibliothèque | ||
